Industrialization in the building industry (Record no. 87504)

MARC details
000 -LEADER
fixed length control field 00465cam a2200181 4500
001 - CONTROL NUMBER
control field D9099
008 - FIXED-LENGTH DATA ELEMENTS--GENERAL INFORMATION
fixed length control field 090401t1980 xxu||||| |||| 00| 0 eng d
035 ## - SYSTEM CONTROL NUMBER
System control number (Sirsi) u17396
041 ## - LANGUAGE CODE
Language code of text/sound track or separate title eng
050 ## - LIBRARY OF CONGRESS CALL NUMBER
Classification number 693.97
100 ## - MAIN ENTRY--PERSONAL NAME
Personal name Sullivan, Barry James
245 ## - TITLE STATEMENT
Title Industrialization in the building industry
260 ## - PUBLICATION, DISTRIBUTION, ETC.
Place of publication, distribution, etc. New York
Name of publisher, distributor, etc. Van Nostrand Rheinhold Co
Date of publication, distribution, etc. 1980
300 ## - PHYSICAL DESCRIPTION
Extent xviii. 253p. ill. 22 x 28cm
350 ## - PRICE (NR) (BK AM CF MU VM SE) [OBSOLETE]
Price 19.9
942 ## - ADDED ENTRY ELEMENTS (KOHA)
Suppress in OPAC 0
948 ## - LOCAL PROCESSING INFORMATION (OCLC); SERIES PART DESIGNATOR (RLIN)
c (OCLC) 04/03/1997
Holdings
Withdrawn status Lost status Source of classification or shelving scheme Damaged status Not for loan Home library Current library Shelving location Date acquired Cost, normal purchase price Total Checkouts Full call number Barcode Date last seen Date last checked out Copy number Cost, replacement price Price effective from Koha item type
    Dewey Decimal Classification     London London Folio 10/05/1993 19.90 3 F693.97 30037642 06/08/2019 07/04/2003 1 19.90 06/08/2019 Book